000
00475nam a2200145Ia 4500
008
100204s9999 xx 000 0 und d
082
_b
22877
100
_a
व्दिवेदी हजारीप्रसाद
245
_a
मेघदूत
260
_b
हिंदी - ग्रंथ - रत्नाकर (प्रा) लि. मुंबई
_c
1957
300
_a
179
630
_a
मेघदूत
730
_a
मेघदूत
942
_c
BOOK
999
_c
467978
_d
467975